Tom Cruise - Filme - Statistiken

Allgemein
  • Dieses Quiz wurde 76 mal gespielt
  • Das Durchschnittsergebnis liegt bei 16 aus 47
Antwortstatistiken
Jahr Filmtitel % Korrekt
1996 Mission: Impossible
98%
2000 Mission: Impossible 2
98%
2006 Mission: Impossible 3
98%
2023 Mission: Impossible - Dead Reckoning
98%
2018 Mission: impossible - Fallout
98%
2025 Mission: Impossible - Final Reckoning
98%
2011 Mission: Impossible - Phantom Protokoll
98%
2015 Mission: Impossible - Rogue Nation
98%
1986 Top Gun - Sie fürchten weder Tod noch Teufel
85%
2022 Top Gun: Maverick
48%
1988 Cocktail
40%
1988 Rain Man
40%
2002 Minority Report
35%
2012 Jack Reacher
33%
2016 Jack Reacher: Kein Weg zurück
33%
2001 Vanilla Sky
33%
2017 Die Mumie
30%
1999 Eyes Wide Shut
30%
1994 Interview mit einem Vampir
30%
2004 Collateral
25%
2010 Knight and Day
25%
2008 Tropic Thunder
25%
2003 Last Samurai
23%
1999 Magnolia
23%
2013 Oblivion
23%
1990 Tage des Donners
23%
2014 Edge of Tomorrow
20%
2005 Krieg der Welten
20%
1985 Legende
20%
1993 Die Firma
18%
1992 Eine Frage der Ehre
18%
1996 Jerry Maguire - Spiel des Lebens
18%
2017 Barry Seal: Only in America
15%
1986 Die Farbe des Geldes
15%
1989 Geboren am 4. Juli
15%
1983 Lockere Geschäfte
13%
2012 Rock of Ages
13%
2002 Austin Powers in Goldständer (Cameoauftritt)
10%
1983 Die Outsider
10%
1983 Der richtige Dreh
8%
1983 Die Aufreißer von der Highschool
8%
1981 Die Kassetten von Bunker Hill
8%
1981 Endlose Liebe
8%
1992 In einem fernen Land
8%
2008 Operation Walküre - Das Stauffenberg-Attentat
8%
2007 Von Löwen und Lämmern
8%
1988 Young Guns (Gastauftritt)
8%
Keine übereinstimmenden Quizze gefunden
Verteilung der Resultate
Anzahl Personen mit jedem Resultat
Perzentil nach korrekt beantworteten Fragen
Ihre Resultats-Entwicklung
Sie haben dieses Quiz noch nicht gespielt